Malé země dávají příklad

Európske štáty s vysokou úrovňou sociálneho rozvoja ako Rakúsko, Dánsko, Írsko a Holandsko majú úspech v boji s nezamestnanosťou. Faktory v jeho pozadí - sociálny dialóg, makroekonomická politika a politika trhu práce naznačujú možné riešenia pre problém nezamestnanosti v Európe.

Salvato in:
Dettagli Bibliografici
Autore principale: Drabeš, Zdeněk
Natura: Capitolo di libro
Lingua:ceco
Soggetti:
Tags: Aggiungi Tag
Nessun Tag, puoi essere il primo ad aggiungerne!!

MARC

LEADER 00000naa a2200000 4500
001 r036491
005 20230920100213.6
041 0 |a cze 
044 |a CZ 
245 1 0 |a Malé země dávají příklad  |c Zdeněk Drabeš 
520 |a Európske štáty s vysokou úrovňou sociálneho rozvoja ako Rakúsko, Dánsko, Írsko a Holandsko majú úspech v boji s nezamestnanosťou. Faktory v jeho pozadí - sociálny dialóg, makroekonomická politika a politika trhu práce naznačujú možné riešenia pre problém nezamestnanosti v Európe. 
610 2 0 |a trh práce 
610 2 0 |a politika hospodárska 
610 2 0 |a politika sociálna 
610 2 0 |a rozvoj sociálny 
610 2 0 |a organizácia práce 
610 2 0 |a Rakúsko 
610 2 0 |a Írsko 
610 2 0 |a Dánsko 
610 2 0 |a Holandsko 
100 1 |a Drabeš, Zdeněk